Временные указания по охране окружающей природной среды при проведении гидрогеологических и инженерно-геологических работ: утв. М-вом геологии СССР 10.05.79

Bibliografiska uppgifter
Institutionell upphovsman: СССР Министерство геологии
Övriga upphovsmän: Корнева Р. Г. (составитель), Толстихин О. Н., Гончаров В. С.
Språk:ryska
Publicerad: Москва, ВСЕГИНГЕО, 1979
Ämnen:
Materialtyp: Bok
KOHA link:https://koha.lib.tpu.ru/cgi-bin/koha/opac-detail.pl?biblionumber=366689

MARC

LEADER 00000nam0a2200000 4500
001 366689
005 20231102011915.0
035 |a (RuTPU)RU\TPU\retro\24052 
090 |a 366689 
100 |a 20220215d1979 km y0rusy50 ca 
101 0 |a rus 
102 |a RU 
105 |a a z 001zy 
200 1 |a Временные указания по охране окружающей природной среды при проведении гидрогеологических и инженерно-геологических работ  |e утв. М-вом геологии СССР 10.05.79  |f СССР, Министерство геологии ; сост. Р. Г. Корнева , О. Н. Толстихин , В. С. Гончаров 
210 |a Москва  |c ВСЕГИНГЕО  |d 1979 
215 |a 34 с.  |c ил. 
320 |a Библиогр.: с. 20-24 
606 1 |a Инженерная экология  |2 stltpush  |3 (RuTPU)RU\TPU\subj\38888  |9 59137 
606 1 |a Гидрогеологические работы  |x Влияние на окружающую среду  |2 stltpush  |3 (RuTPU)RU\TPU\subj\6626  |9 34460 
610 1 |a окружающая среда 
610 1 |a инженерно-геологические работы 
610 1 |a охрана природы 
610 1 |a мероприятия 
675 |a 502.36  |v 4 
675 |a 556.388  |v 4 
702 1 |a Корнева  |b Р. Г.  |4 220 
702 1 |a Толстихин  |b О. Н.  |4 220 
702 1 |a Гончаров  |b В. С.  |4 220 
712 0 1 |a СССР  |b Министерство геологии  |c (1946-1953, 1965-1991)  |2 stltpush  |3 (RuTPU)RU\TPU\col\9548  |9 24713 
801 1 |a RU  |b 63413507  |c 20220215 
801 2 |a RU  |b 63413507  |c 20220215  |g RCR 
942 |c BK